000 01995cam a22004457a 4500
999 _c529740
_d529740
001 12472407
003 NUST
005 20191002130617.0
008 010716s2000 dcua bk f000 0 eng d
010 _a 00135389
020 _a0309068738
035 _a(OCoLC)ocm45351255
038 _aMSOHAIL
040 _aTRL
_cTRL
_dDAY
_dIQU
_dDLC
042 _alccopycat
043 _an-us---
050 0 0 _aHE151
_bW43 2000
082 _a0
100 1 _aWeisbrod, Glen E.
_q(Glen Elliot)
_922417
245 1 0 _aCurrent practices for assessing economic development impacts from transportation investments /
_cGlen Weisbrod.
246 3 0 _aAssessing economic development impacts from transportation investments
246 3 0 _aEconomic development impacts from transportation investments
260 _aWashington, D.C. :
_bNational Academy Press,
_c2000.
300 _a75 p. :
_bill., form ;
_c28 cm.
440 0 _aSynthesis of highway practice,
_x0547-5570 ;
_v290
_922418
500 _aAt head of title: National Cooperative Highway Research Program.
500 _a"Research sponsored by the American Association of State Highway and Transportation Officials in cooperation with the Federal Highway Administration."
500 _a"Transportation Research Board, National Research Council."
504 _aIncludes bibliographical references (p. 48-56).
650 0 _aTransportation.
_913117
650 0 _aEconomic development.
_96798
650 0 _aTransportation
_zUnited States
_xPlanning
_921431
710 2 _aNational Cooperative Highway Research Program.
_920864
710 2 _aAmerican Association of State Highway and Transportation Officials.
_919553
710 1 _aUnited States.
_bFederal Highway Administration.
_920149
710 2 _aNational Research Council (U.S.).
_bTransportation Research Board.
_922419
906 _a7
_bcbc
_ccopycat
_d2
_encip
_f20
_gy-gencatlg
942 _2ddc
_cBK